[Event "BAN-chB 47th"]
[Site "Dhaka"]
[Date "2022.11.01"]
[Round "6"]
[White "Shawket Bin, Osman Shaon"]
[Black "Md, Tupu Sultan"]
[Result "1-0"]
[WhiteElo "2071"]
[BlackElo "1830"]
[PlyCount "61"]
[EventDate "2022.10.27"]
[EventType "swiss"]
[EventRounds "11"]
[EventCountry "BAN"]
[SourceTitle "EXT 2024"]
[Source "ChessBase"]
[SourceDate "2023.10.10"]
[SourceVersion "1"]
[SourceVersionDate "2023.10.10"]
[SourceQuality "1"]

1. d4 Nf6 2. c4 d5 3. Nc3 e6 4. cxd5 Nxd5 5. e4 Nxc3 6. bxc3 c5 7. Nf3 cxd4 8. cxd4 Bb4+ 9. Bd2 Qa5 10. Bc4 Bxd2+ 11. Nxd2 Nc6 12. d5 Ne5 13. 0-0 exd5 14. Bxd5 0-0 15. Nb3 Qb6 16. Rb1 Qg6 17. Qe2 Rb8 18. Nd4 Qf6 19. f4 Ng4 20. e5 Qd8 21. Qe4 Re8 22. e6 fxe6 23. Nxe6 Bxe6 24. Bxe6+ Kh8 25. f5 Nf6 26. Qe3 Qa5 27. Qf3 b6 28. Rbc1 Qe5 29. h3 Ne4 30. Qe3 Red8 31. Rc4 1-0

[Event "BAN-ch Morning Glory Online"]
[Site "Chess.com INT"]
[Date "2020.10.31"]
[Round "7"]
[White "Hamid, Rani"]
[Black "Md, Tupu Sultan"]
[Result "0-1"]
[WhiteElo "2006"]
[BlackElo "1917"]
[PlyCount "64"]
[EventDate "2020.10.29"]
[EventType "swiss"]
[EventRounds "9"]
[EventCountry "BAN"]
[SourceTitle "EXT 2022"]
[Source "ChessBase"]
[SourceDate "2021.10.06"]
[SourceVersion "1"]
[SourceVersionDate "2021.10.06"]
[SourceQuality "1"]

1. e4 e5 2. Nf3 Nf6 3. Nxe5 d6 4. Nf3 Nxe4 5. Nc3 d5 6. d4 Bg4 7. h3 Bxf3 8. Qxf3 Bb4 9. Bb5+ Nc6 10. 0-0 Bxc3 11. bxc3 0-0 12. Re1 Qf6 13. Qxf6 gxf6 14. Re3 Rfe8 15. Bb2 Nd6 16. Bxc6 bxc6 17. Rae1 Rxe3 18. Rxe3 Nc4 19. Rg3+ Kf8 20. Bc1 Rb8 21. Bf4 Rb1+ 22. Kh2 Rb2 23. Bxc7 Rxc2 24. Rf3 Ke7 25. a4 Ra2 26. a5 Nd2 27. Re3+ Kd7 28. Bg3 Nf1+ 29. Kg1 Ra1 30. Rf3 Nxg3+ 31. Kh2 Nf1+ 32. Kg1 Nd2+ 0-1

[Event "BAN-ch Morning Glory Online"]
[Site "Chess.com INT"]
[Date "2020.10.31"]
[Round "8"]
[White "Md, Tupu Sultan"]
[Black "Wadifa, Ahmed"]
[Result "1/2-1/2"]
[WhiteElo "1917"]
[BlackElo "1565"]
[PlyCount "127"]
[EventDate "2020.10.29"]
[EventType "swiss"]
[EventRounds "9"]
[EventCountry "BAN"]
[SourceTitle "EXT 2022"]
[Source "ChessBase"]
[SourceDate "2021.10.06"]
[SourceVersion "1"]
[SourceVersionDate "2021.10.06"]
[SourceQuality "1"]

1. e4 c5 2. Nf3 e6 3. c3 d5 4. exd5 exd5 5. d4 Nf6 6. Bb5+ Bd7 7. Qe2+ Be7 8. dxc5 0-0 9. Bxd7 Nbxd7 10. 0-0 Re8 11. Qb5 Nxc5 12. Be3 a6 13. Qe2 Bd6 14. Nbd2 Ng4 15. h3 Nxe3 16. fxe3 Qb6 17. b4 Ne6 18. Nd4 Nxd4 19. cxd4 Re7 20. Qf2 Qxb4 21. Nf3 Qc3 22. Rae1 Rae8 23. Ng5 f6 24. Nf3 Rxe3 25. Rc1 Qa3 26. Ne5 Bxe5 27. dxe5 R3xe5 28. Rc7 Re2 29. Qf5 Qxa2 30. Qg4 R2e7 31. Rxe7 Rxe7 32. Rxf6 Qb1+ 33. Kh2 Qb5 34. Rd6 Qe8 35. Qg5 Re5 36. Qh4 Rh5 37. Qf4 h6 38. Rb6 Qe5 39. Qxe5 Rxe5 40. Rxb7 a5 41. Rd7 a4 42. Kg3 a3 43. Kf3 Re4 44. Ra7 g5 45. Rxa3 Kf7 46. Ra6 Re6 47. Ra5 Rd6 48. Ke3 Ke6 49. Kd4 Kf5 50. Ra3 h5 51. Rf3+ Kg6 52. g4 hxg4 53. hxg4 Ra6 54. Kxd5 Ra4 55. Rg3 Kf6 56. Rf3+ Ke7 57. Rg3 Rf4 58. Ke5 Kd7 59. Rd3+ Kc6 60. Rd6+ Kc5 61. Rg6 Rxg4 62. Kf5 Rg1 63. Rxg5 Rxg5+ 64. Kxg5 1/2-1/2

[Event "BAN-ch Morning Glory Online"]
[Site "Chess.com INT"]
[Date "2020.10.30"]
[Round "4"]
[White "Md, Tupu Sultan"]
[Black "Noshin, Anjum"]
[Result "1-0"]
[WhiteElo "1917"]
[BlackElo "1676"]
[PlyCount "73"]
[EventDate "2020.10.29"]
[EventType "swiss"]
[EventRounds "9"]
[EventCountry "BAN"]
[SourceTitle "EXT 2022"]
[Source "ChessBase"]
[SourceDate "2021.10.06"]
[SourceVersion "1"]
[SourceVersionDate "2021.10.06"]
[SourceQuality "1"]

1. e4 e5 2. Nf3 Nc6 3. d4 exd4 4. Bc4 Nf6 5. 0-0 d6 6. Ng5 Ne5 7. Bb3 h6 8. f4 hxg5 9. fxe5 dxe5 10. Bxg5 Be7 11. Nd2 Bg4 12. Qe1 Rh5 13. Bxf6 Bxf6 14. Qg3 Rg5 15. h4 Rg6 16. Nf3 Bxf3 17. Qxf3 Qd7 18. h5 Rh6 19. c3 0-0-0 20. Rad1 Qe7 21. cxd4 exd4 22. Rde1 d3 23. Qf5+ Qd7 24. e5 Qxf5 25. Rxf5 Bh4 26. Re4 Be7 27. Rc4 d2 28. Bd1 c6 29. Rxf7 Bg5 30. Kf2 Rxh5 31. Bxh5 d1Q 32. Bxd1 Rxd1 33. Rxg7 Bd8 34. e6 Rd2+ 35. Ke1 Rd6 36. Re4 Ba5+ 37. Ke2 1-0

[Event "BAN-chB 43rd"]
[Site "Dhaka"]
[Date "2017.11.08"]
[Round "2"]
[White "Hossain, Delwar"]
[Black "Md, Tupu Sultan"]
[Result "1/2-1/2"]
[WhiteElo "2117"]
[BlackElo "1884"]
[PlyCount "92"]
[EventDate "2017.11.07"]
[EventType "swiss"]
[EventRounds "11"]
[EventCountry "BAN"]
[SourceTitle "CBM 181 Extra"]
[Source "ChessBase"]
[SourceDate "2017.12.12"]
[SourceVersion "1"]
[SourceVersionDate "2017.12.12"]
[SourceQuality "1"]

1. c4 Nf6 2. Nc3 e5 3. Nf3 Nc6 4. g3 d5 5. cxd5 Nxd5 6. d3 Be7 7. Bg2 Be6 8. 0-0 0-0 9. Bd2 Qd7 10. Re1 Rad8 11. a3 f6 12. Rc1 Nb6 13. Na4 Nc8 14. Nc5 Bxc5 15. Rxc5 N8e7 16. Qa4 Rf7 17. Qc2 Nf5 18. b4 Nfd4 19. Qb2 b6 20. Rc3 Bh3 21. Bh1 Bg4 22. Nxd4 Nxd4 23. Be3 h5 24. Bxd4 exd4 25. Rc2 h4 26. Rec1 Qd6 27. Rc6 Qe5 28. R6c2 h3 29. Re1 a5 30. Qc1 Re7 31. e4 axb4 32. axb4 Rc8 33. Qa3 Qb5 34. Rec1 Be6 35. Bf3 c6 36. Be2 Rec7 37. f4 f5 38. e5 g5 39. Bf1 g4 40. Qb2 c5 41. bxc5 Qxb2 42. Rxb2 bxc5 43. Rb6 Rc6 44. Rb7 Bd5 45. Ra7 Rb6 46. Rd7 Bf3 1/2-1/2

[Event "Dhaka Powertec op-B"]
[Site "Dhaka"]
[Date "2017.07.22"]
[Round "8"]
[White "Abdul, Momin"]
[Black "Md, Tupu Sultan"]
[Result "1-0"]
[WhiteElo "1985"]
[BlackElo "1817"]
[PlyCount "47"]
[EventDate "2017.07.15"]
[EventType "swiss"]
[EventRounds "9"]
[EventCountry "BAN"]
[SourceTitle "EXT 2018"]
[Source "ChessBase"]
[SourceDate "2017.10.13"]
[SourceVersion "1"]
[SourceVersionDate "2017.10.13"]
[SourceQuality "1"]

1. e4 e5 2. Nf3 Nc6 3. Bc4 Nf6 4. d3 Be7 5. Nc3 d6 6. h3 a6 7. Bg5 Na5 8. Bxf6 Bxf6 9. Bd5 c6 10. Bb3 0-0 11. 0-0 Bg5 12. d4 exd4 13. Nxd4 c5 14. Nf3 c4 15. Bxc4 Nxc4 16. Qd5 Ne5 17. Nxg5 Qxg5 18. f4 Qd8 19. fxe5 Qb6+ 20. Kh1 Be6 21. Qd2 dxe5 22. Nd5 Qc5 23. b4 Qd6 24. Nf6+ 1-0

[Event "Dhaka Powertec op-B"]
[Site "Dhaka"]
[Date "2017.07.21"]
[Round "7"]
[White "Md, Tupu Sultan"]
[Black "Md Zakaria"]
[Result "1-0"]
[WhiteElo "1817"]
[BlackElo "1931"]
[PlyCount "61"]
[EventDate "2017.07.15"]
[EventType "swiss"]
[EventRounds "9"]
[EventCountry "BAN"]
[SourceTitle "EXT 2018"]
[Source "ChessBase"]
[SourceDate "2017.10.13"]
[SourceVersion "1"]
[SourceVersionDate "2017.10.13"]
[SourceQuality "1"]

1. e4 c6 2. Nc3 d5 3. Nf3 dxe4 4. Nxe4 Bf5 5. Ng3 Bg6 6. h4 h6 7. Ne5 Bh7 8. Qh5 g6 9. Qf3 Nf6 10. Qb3 e6 11. Qxb7 Nbd7 12. Qxc6 Rc8 13. Qa4 a6 14. Nxd7 Nxd7 15. Bxa6 Ra8 16. Qc4 Be7 17. Bb5 0-0 18. Qd4 Nf6 19. Qxd8 Rfxd8 20. c3 Rab8 21. a4 Nd5 22. d4 f5 23. Bxh6 Bd6 24. 0-0 Kf7 25. Bd2 Nf6 26. c4 Ng4 27. Bg5 Bxg3 28. fxg3 Rxd4 29. Rad1 Rxd1 30. Rxd1 e5 31. c5 1-0

[Event "Dhaka Powertec op-B"]
[Site "Dhaka"]
[Date "2017.07.18"]
[Round "4"]
[White "Md, Tupu Sultan"]
[Black "Dewan, Shahidul Amin"]
[Result "0-1"]
[WhiteElo "1817"]
[BlackElo "1902"]
[PlyCount "49"]
[EventDate "2017.07.15"]
[EventType "swiss"]
[EventRounds "9"]
[EventCountry "BAN"]
[SourceTitle "EXT 2018"]
[Source "ChessBase"]
[SourceDate "2017.10.13"]
[SourceVersion "1"]
[SourceVersionDate "2017.10.13"]
[SourceQuality "1"]

1. e4 c5 2. Nf3 Nc6 3. d4 cxd4 4. Nxd4 Nf6 5. Nc3 e6 6. Ndb5 d6 7. Bg5 a6 8. Nd4 Be7 9. Be3 e5 10. Nb3 Ng4 11. Nd5 Nxe3 12. Nxe3 0-0 13. Bc4 Bg5 14. Qe2 Be6 15. Bxe6 fxe6 16. 0-0 Nd4 17. Qd3 Rc8 18. Nxd4 exd4 19. Qxd4 Bxe3 20. Qxe3 Rxc2 21. Qb3 Qc8 22. Rad1 Qc5 23. Qxe6+ Kh8 24. Qxd6 Rfxf2 25. Rd2 0-1